Orders of a quartic fields

Saved in:
Bibliographic Details
Main Author: Nakagawa, Jin
Format: Book
Language:English
Published: Providence, Rhode island : American Mathematical Society, c1996
Series:Memoirs of the American Mathematical Society ; ; 583
Subjects:
Tags: Add Tag
No Tags, Be the first to tag this record!

MARC

LEADER 00000nam a2200000 i 4500
001 1/91555
008 991025s1996 eng d
020 |a 0821804723 
035 |l 10053650 
040 |a GR-MY-UA  |b gre  |e aacr 
041 0 |a eng 
082 0 |a 512.74 
100 1 |a Nakagawa, Jin. 
245 1 0 |a Orders of a quartic fields /  |c Jin Nakagawa 
260 |a Providence, Rhode island :   |b American Mathematical Society,   |c c1996 
300 |a viii, 79 p.;  |c 26 cm. 
490 1 |a Memoirs of the American Mathematical Society  |v ; 583 
500 |a Includes bibliographical references 
500 |a Volume 122, number 583 (third of 5 numbers) 
650 0 0 |a Quartic fields. 
650 0 0 |a Dirichlet series. 
830 0 |a Memoirs of the American Mathematical Society ;  |v ; 583 
852 |a INST  |b SAMOS  |e 19991025  |h 512.74 NAK  |p 005300012379  |q 005300012379  |t BK  |y 0 
901 |a BIBL3-1999-3 
909 |a Σ  |b 063373 
922 |a 3ΕΛΗ  |b 199907  |c ΕΠΕΑΕΚ/ΜΑΘ  |d ΠΑΠΑΣΩΤΗΡΙΟΥ 
970 |a ΓΕΝΟΥΖΟΥ  |b ΧΡΥΣΑΝΘΗ  |z 1999/10/25